LEADER 00982nam--2200337---450 001 990002148840203316 005 20200505081736.0 010 $a88-8319-098-X 035 $a000214884 035 $aUSA01000214884 035 $a(ALEPH)000214884USA01 035 $a000214884 100 $a20041108d1997----km-y0itay0103----ba 101 0 $aita 102 $aIT 105 $a||||||||001yy 200 1 $aAmor nello specchio$fGiovan Battista Andreini$ga cura di Salvatore Maira e Anna Michela Borracci 210 $aRoma$cBulzoni$d1997 215 $a144 p.$d21 cm 606 0 $aLetteratura drammatica italiana$zSec. 16.- 18. 676 $a852.5 700 1$aANDREINI,$bGiovanni Battista$0444762 702 $aMAIRA,$bSalvatore 702 $aBORRACCI,$bAnna Michela 801 0$aIT$bsalbc$gISBD 912 $a990002148840203316 951 $aXVII A. 1957$b2038 DLAS$cXVII A.$d00349737 959 $aBK 969 $aCAS 996 $aAmor nello specchio$91039059 997 $aUNISA LEADER 03273nam2 22004333i 450 001 VAN0261635 005 20230802100328.140 012 $2fei$aatti ioet ueo, esHi (3) 1576 (R)$5VAN 100 $a20230719d1576 |0itac50 ba 101 $alat$aGRC 102 $aIT 140 $a||||||||| ||||||||| 200 1 $aˆ2: Galeni ‰Librorum prima classis naturam corporis humani, hoc est elementa, temperaturas, ... complectens .. 210 $aVenetiis$capud Iuntas$d1576$eVenetiis$capud Iuntas) 215 $a341 [i.e. 333], [1] carte$d2° 300 $aMarche tipografiche sul frontespizio e in fine. - Segnatura: a-n? o? p-z?, A-E? F? G-M? N-O? P-T? V?; errori nella numerazione: carta o2r numerata 106, 107, 108, carte F4 ,F5 numerate anche sul verso rispettivamente 229 e 231, carta N6 numerata 286, 287, 288 sul recto e 289, 290 sul verso; bianca l'ultima carta 461 1$1001VAN0261619$12001 $aˆGaleni ‰Omnia quae extant opera in Latinumsermonem conuersa. Pro quibus illustrandis quid actum sit, tum ex præfatione, tum ex librorum indice deprehendes ..$1205 $aQuinta editio$1210 $aVenetijs$capud Iuntas$d1576$1215 $a12 volumi$d2º$1300 $aRiferimenti: P. Camerini, Annali dei Giunti, v. 2, p. 70-72, n. 788. - Il frontespizio generale è seguito da [24] carte contenenti varie dediche, la vita di Galeno e l'indice generale delle opere; ed. a cura di Mercuriale Girolamo, il cui nome compare nel verso del frontespizio. - Marca editoriale sul frontespizio. - Corsivo, greco, romano; iniziali e fregi xilografici ornati, alcune iniziali istoriate; frontespizi entro cornice xilografica istoriata$v2 620 $dVenezia$3VANL000080 700 1$aGalenus$bClaudius$3VANV060011$0198761 702 1$aMercuriale$bGirolamo$3VANV127588 702 0$aGiunta$3VANV070259 712 02$aGiunta, Lucantonio$f2.$3VANV059455 790 0$aGaleno$zGalenus, Claudius$3VANV021334 790 0$aGalien de Pergame$zGalenus, Claudius$3VANV060025 790 0$aGalenus$zGalenus, Claudius$3VANV060026 790 1$aMercuriali, Geronimo$zMercuriale, Girolamo$3VANV127589 790 1$aMercuriali, Girolamo$zMercuriale, Girolamo$3VANV127590 790 1$aMercurialis, Hieronymus$zMercuriale, Girolamo$3VANV127591 790 1$aGiunta, Lucantonio, il Giovane$zGiunta, Lucantonio <2.>$3VANV064570 790 1$aGiunta, Lucantonio <1542-1602>$zGiunta, Lucantonio <2.>$3VANV064571 801 $aIT$bSOL$c20230804$gRICA 856 4 $uhttps://www.vdl.unicampania.it/handle/20.500.14011/170$zhttps://www.vdl.unicampania.it/handle/20.500.14011/170 899 $aUFFICIO BIBLIOTECA AREA MUSEALE$2VAN18 912 $aVAN0261635 921 $aVAN0000039$bGiglio fiorentino e iniziali L A circondati da ghirlanda sorretta da due putti.$cU59$dIn fine.$fGIGLIO $fFIORENTINO$fE INIZIALI$fL. A. 921 $aVAN0000090$bIn cornice figurata: giglio fiorentino. A lato, iniziali L A$cZ639$dSul frontespizio.$fGIGLIO$fFIORENTINO$fLA 950 $aUFFICIO BIBLIOTECA AREA MUSEALE$d18ANAT 1. 500.2 $e18MUS405 2 20230719 Legato in pelle.$sBuono 996 $aLibrorum prima classis naturam corporis humani, hoc est elementa, temperaturas, ... complectens .$93403197 997 $aUNICAMPANIA